000 00453nab a2200145Ia 4500
003 ES-SlBCS
005 20210601131743.0
008 140529s1932 xxu||||| |||| 00| 0 fre d
041 _afre
100 1 _aLanversin, F. de
_9188595
245 0 0 _aLe protestantisme allemand vu par un converti
_c F. de Lanversin
650 0 4 _aProtestantismo Alemán
_9188596
773 0 _tVie Intelectuelle (La)
_gvol. 18, nº. 2, 1932, págs. 202-204
_wRev907
942 _cAR
999 _c568208
_d568208